00646 2200265 4500001002100000005001700021008004100038020001800079035002400097082001000121090001700131100002100148245003800169250001000207260003100217300001900248650002000267850001500287980001300302985000600315986001400321999001500335999001500350999001500365YOGYA-0209000001411120090227022403.0 ind  a979-413-378-7 0010-020900000014111 a306.6 a306.6bHen S aHENDROPUSPITO, D aSosiologi agamacD. Hendropuspito aCet.9 aYogyakartabKanisiusc1993 a204 hlmc21 cm aSosiologi agama aYOPDYOG(B) a12-07-05 a3 afwhrthrev a94P0047725 a97P0089061 a98P0105240